Score 0/26 Timer 08:00
0 Plays Today
Word 1 Word 2 % Correct
thinething
66.1%
quaighquail
56%
mmmnemonic
48.9%
collagencollapse
47.8%
deviatordevice
47.7%
embargoembark
46.2%
walnutwalrus
45.5%
furnacefurnish
44.1%
violentviolet
43.8%
xerosisxerox
43.2%
yoginiyogurt
43.2%
jagrajaguar
41.2%
newbienewborn
36.6%
Word 1 Word 2 % Correct
insolentinsomnia
34.3%
kivakiwi
33.9%
gherkinghetto
30.1%
panopticpanorama
29.6%
ballparkballroom
27.3%
usernameusher
24.3%
litigatelitmus
22.1%
ombreomega
17.4%
secernseclude
14.4%
zinkyzinnia
13.8%
rickshawricochet
12.7%
acornacoustic
11.8%
hordeolahorizon
9.5%
Remove Ads.
Support Sporcle.
Get the best of Sporcle when you Go Orange. This ad-free experience offers more features, more stats, and more fun while also helping to support Sporcle. Thank you for becoming a member.

You're not logged in!

Compare scores with friends on all Sporcle quizzes.
OR
Log In

Show Comments

Extras

Top Quizzes Today


Score Distribution

Your Account Isn't Verified!

In order to create a playlist on Sporcle, you need to verify the email address you used during registration. Go to your Sporcle Settings to finish the process.

Report this User

Report this user for behavior that violates our Community Guidelines.

Details: